|
|
|
|
| LEADER |
00000ntmaa2200000 a 4500 |
| 001 |
vtls011991062 |
| 003 |
SK-MaSNL |
| 005 |
20260301145822.0 |
| 008 |
230802s1792 xo || 001 s lat |
| 035 |
|
|
|a urn:nbn:sk:snk-am00een3
|
| 035 |
|
|
|a urn:nbn:sk:snk-am3ihw1
|
| 035 |
|
|
|a 971379CE-4EB3-444A-AD84-67C75870FE7A
|
| 040 |
|
|
|a SNKLA
|b slo
|c SNKLA
|e AACR2
|
| 041 |
0 |
|
|a lat
|
| 044 |
|
|
|a xo
|c SK
|
| 072 |
|
7 |
|a 026
|x Odborné/špeciálne knižnice
|2 konspekt
|
| 072 |
|
7 |
|a 027
|x Univerzálne knižnice. Verejné knižnice
|2 konspekt
|
| 072 |
|
7 |
|a 347
|x Súkromné právo
|2 konspekt
|
| 080 |
|
|
|a 025.171
|2 2011
|
| 080 |
|
|
|a (439.2)
|2 2011
|
| 080 |
|
|
|a (042.3)
|2 2011
|
| 100 |
1 |
|
|a Fleischhacker, János,
|d 1740-1803
|4 aut
|9 364818
|
| 245 |
1 |
0 |
|a Compendium Jvris Privati Hvngarici
|n Liber 3us
|c Juxta praelectiones ... Joanis Nep. Fleishacker ; Conscriptum ... A Petro SzentIvany
|
| 246 |
3 |
8 |
|a Juris Hungarici III
|
| 260 |
|
|
|a Posonii
|c 1792
|
| 300 |
|
|
|a 1 nečíslovaná strana, 306 strán
|b rukopis, viazaný
|c 24 cm
|
| 500 |
|
|
|a Tretia kniha prednášok; druhá kniha uložená pod signatúrou RHKS 2570a
|
| 520 |
2 |
|
|a Prednášky z uhorského občianskeho práva J. Fleischhackera na Kráľovskej akadémii v Bratislave zapísané študentom P. Sentivánim
|
| 555 |
0 |
|
|a Inventár rukopisov Archívu literatúry a umenia Matice slovenskej. Rukopisy historických knižníc na Slovensku II. Martin : Matica slovenská 1995
|
| 600 |
3 |
7 |
|a Sentiváni (rod)
|2 SNKMA
|9 364819
|
| 600 |
3 |
7 |
|a Rakovský (rod)
|2 SNKMA
|9 364820
|
| 610 |
2 |
7 |
|a Lontovská knižnica (Lontov, Slovensko)
|2 SNKKA
|9 341279
|
| 610 |
2 |
7 |
|a Kráľovská akadémia v Bratislave
|2 SNKKA
|9 114178
|
| 650 |
0 |
7 |
|a občianske právo
|2 SNKPH
|9 981
|
| 651 |
|
7 |
|a Uhorsko
|2 SNKPH
|9 28673
|
| 655 |
|
7 |
|a rukopisy
|2 SNKPH
|9 70548
|
| 655 |
|
7 |
|a prednášky
|2 SNKPH
|9 70554
|
| 752 |
|
|
|a Slovensko
|d Bratislava
|
| 852 |
|
|
|a Slovenská národná knižnica
|b Literárny archív
|
| 958 |
|
|
|a ZH
|
| 958 |
|
|
|a LAVD
|
| 999 |
|
|
|c 781478
|d 783408
|
| 952 |
|
|
|a SNKLA
|b SNKLA
|c SNKLA_DEP
|y NEVYP
|7 0
|p 17A1229672
|o snkRHKS 2570b
|0 0
|1 0
|4 0
|d 2020-09-07
|f 1
|l 0
|r 2026-02-24 01:06:50
|w 2026-02-24
|